Advances in electronic circuit packaging Vol-2 / (Record no. 194129)
[ view plain ]
| 000 -LEADER | |
|---|---|
| fixed length control field | 01038 a2200157 4500 |
| 003 - CONTROL NUMBER IDENTIFIER | |
| control field | Nust |
| 005 - DATE AND TIME OF LATEST TRANSACTION | |
| control field | 20221124131715.0 |
| 040 ## - CATALOGING SOURCE | |
| Transcribing agency | Nust |
| 082 ## - DEWEY DECIMAL CLASSIFICATION NUMBER | |
| Classification number | 621.38132,ADV |
| 100 ## - MAIN ENTRY--PERSONAL NAME | |
| Personal name | Gerald A. Walker |
| 9 (RLIN) | 103499 |
| 245 ## - TITLE STATEMENT | |
| Title | Advances in electronic circuit packaging Vol-2 / |
| Statement of responsibility, etc. | Gerald A. Walker |
| 260 ## - PUBLICATION, DISTRIBUTION, ETC. | |
| Place of publication, distribution, etc. | New York |
| Name of publisher, distributor, etc. | Englewood, Colo., Rogers |
| Date of publication, distribution, etc. | 1962 |
| 300 ## - PHYSICAL DESCRIPTION | |
| Extent | 381 p |
| 505 ## - FORMATTED CONTENTS NOTE | |
| Formatted contents note | Materials for Electronic Packaging (Page-1), Controlling the Mechanical Response of Printed Circuits Boards (Page-21), A Low Density Potting Compound (Page-35), An Effective use of Castings in a Lightweight (Page-52), Heat Sinks and Encapsulates for Volumetric Packing (Page-61), Potting Problems Related to Packing Design (Page-77), Packing of Semiconductor Networks (Page-91),Theremal packing for Transient Operation (Page-104), Formulation and Solution of the Circuit Card Design Problems (Page-121), Maintainable Electronic Component Assemblies (Page-143), Electronic Packing (Page-166), Packing of a Telemeter to Withstand (Page-181), |
| 942 ## - ADDED ENTRY ELEMENTS (KOHA) | |
| Source of classification or shelving scheme | |
| Koha item type | Book |
| Withdrawn status | Lost status | Source of classification or shelving scheme | Damaged status | Not for loan | Permanent Location | Current Location | Shelving location | Date acquired | Full call number | Barcode | Date last seen | Price effective from | Koha item type | Public note | Total Checkouts |
|---|---|---|---|---|---|---|---|---|---|---|---|---|---|---|---|
| Military College of Signals (MCS) | Military College of Signals (MCS) | General Stacks | 12/12/2016 | 621.38132,ADV | MCS5505 | 12/08/2016 | 12/12/2016 | Book | Almirah No.32, Shelf No.3 | ||||||
| Military College of Signals (MCS) | Military College of Signals (MCS) | General Stacks | 11/24/2022 | 621.38132,ADV | MCS6473 | 11/24/2022 | 11/24/2022 | Book | Almirah No.32, Shelf No.3 |
